| 000 | 00777cad a22002295a 4500 | ||
|---|---|---|---|
| 001 | E143976 | ||
| 008 | 080610s2004 stk f 000 0 eng u | ||
| 020 | _a9780110692647 | ||
| 035 | _a(Sirsi) u143976 | ||
| 041 | 0 | _aeng | |
| 110 | 1 |
_aScotland _kLaws, etc |
|
| 245 | 0 | 4 |
_aThe Building (Scotland) Regulations 2004 _h[electronic resource] |
| 260 |
_aLondon _bTSO _c2004 |
||
| 490 | 0 |
_aSSI _v2004: 406 |
|
| 520 | _aMade 22 September 2004; came into force 1 May 2005. | ||
| 650 | 2 | 4 | _aBUILDING (SCOTLAND) REGULATIONS 2004 |
| 650 | 2 | 4 | _aBUILDING (SCOTLAND) ACT 2003 |
| 651 | 4 |
_aScotland _y1999- |
|
| 690 | _aBUILT ENVIRONMENT | ||
| 856 | 4 | 0 |
_uhttps://www.opsi.gov.uk/legislation/scotland/ssi2004/20040406.htm _zView the item free of charge at www.opsi.gov.uk... |
| 942 | _n0 | ||
| 999 |
_c108329 _d108329 |
||